Gestión de empresas de menor tamaño

Gorde:
Xehetasun bibliografikoak
Egile nagusia: Araya Ibáñez, Gonzalo (Egilea)
Formatua: Liburua
Hizkuntza:gaztelania
Argitaratua: Santiago Legal Publishing 2012
Edizioa:1a. ed
Gaiak:
Etiketak: Etiketa erantsi
Etiketarik gabe, Izan zaitez lehena erregistro honi etiketa jartzen!

MARC

LEADER 00000cam a2200000 a 4500
001 UCF4232
003 CL-VaPUC
008 121122e20120700CL |||||||||||||||||spa|d
020 |a 9789563462258 
082 0 4 |a 658.022  |b ARA  |2 21 
100 0 |a Araya Ibáñez, Gonzalo  |e author  |9 565795 
245 1 0 |a Gestión de empresas de menor tamaño 
250 |a 1a. ed 
300 |a 277 p 
942 |c BK 
945 |d 20121122 00:00:00  |a dcastane 
260 |a Santiago  |b Legal Publishing  |c 2012 
600 0 7 |a PYMES  |2 CL-VaPUC  |9 518976 
650 0 |a Administración de empresas   |9 260833 
650 0 |a Proyectos de inversión   |9 261065 
650 7 |a PEQUEÑAS EMPRESAS  |2 CL-VaPUC  |9 470619 
650 7 |a MEDIANAS EMPRESAS  |2 CL-VaPUC  |9 518977 
583 |a last modification  |c 20121122 14:17:00  |k Rodrigo Vera 
999 |c 350114  |d 350112 
952 |0 0  |1 0  |4 0  |6 658_022000000000000_ARA_2012  |7 0  |8 A  |9 453248  |a BIBGIM  |b BIBGIM  |d 2019-11-22  |i 4925041  |o 658.022 ARA 2012  |p 4925041  |r 2025-01-15  |w 2019-11-22  |y BK  |k COM 
952 |0 0  |1 0  |4 0  |6 658_022000000000000_ARA_2012  |7 0  |8 A  |9 453249  |a BIBGIM  |b BIBGIM  |d 2019-11-22  |i 492505K  |o 658.022 ARA 2012  |p 492505K  |r 2025-01-15  |w 2019-11-22  |y BK  |k COM 
952 |0 0  |1 0  |4 0  |6 658_022000000000000_ARA_2012  |7 0  |8 A  |9 453250  |a BIBGIM  |b BIBGIM  |d 2019-11-22  |i 4925068  |o 658.022 ARA 2012  |p 4925068  |r 2025-01-15  |w 2019-11-22  |y BK  |k COM 
952 |0 0  |1 0  |4 0  |6 658_022000000000000_ARA_2012  |7 0  |8 A  |9 453251  |a BIBGIM  |b BIBGIM  |d 2019-11-22  |i 4925076  |o 658.022 ARA 2012  |p 4925076  |r 2025-01-15  |w 2019-11-22  |y BK  |k COM 
952 |0 0  |1 0  |4 0  |6 658_022000000000000_ARA_2012  |7 0  |8 A  |9 453252  |a BIBGIM  |b BIBGIM  |d 2019-11-22  |i 4925084  |o 658.022 ARA 2012  |p 4925084  |r 2025-01-15  |w 2019-11-22  |y BK  |k COM 
952 |0 0  |1 0  |4 0  |6 658_022000000000000_ARA_2012  |7 0  |8 A  |9 453253  |a BIBGIM  |b BIBGIM  |d 2019-11-22  |i 4925092  |o 658.022 ARA 2012  |p 4925092  |r 2025-01-15  |w 2019-11-22  |y BK  |k COM 
952 |0 0  |1 0  |4 0  |6 658_022000000000000_ARA_2012  |7 0  |8 A  |9 453254  |a BIBGIM  |b BIBGIM  |d 2019-11-22  |i 4925106  |o 658.022 ARA 2012  |p 4925106  |r 2025-01-15  |w 2019-11-22  |y BK  |k COM 
952 |0 0  |1 0  |4 0  |6 658_022000000000000_ARA_2012  |7 0  |8 A  |9 453255  |a BIBGIM  |b BIBGIM  |d 2019-11-22  |i 4925114  |o 658.022 ARA 2012  |p 4925114  |r 2025-01-15  |w 2019-11-22  |y BK  |k COM 
952 |0 0  |1 0  |4 0  |6 658_022000000000000_ARA_2012  |7 0  |8 A  |9 453256  |a BIBGIM  |b BIBGIM  |d 2019-11-22  |i 4925122  |o 658.022 ARA 2012  |p 4925122  |r 2025-01-15  |w 2019-11-22  |y BK  |k COM 
952 |0 0  |1 0  |4 0  |6 658_022000000000000_ARA_2012  |7 0  |8 A  |9 453257  |a BIBGIM  |b BIBGIM  |d 2019-11-22  |i 4936019  |o 658.022 ARA 2012  |p 4936019  |r 2025-01-15  |w 2019-11-22  |y BK  |k COM 
952 |0 0  |1 0  |4 0  |6 658_022000000000000_ARA_2012  |7 0  |8 A  |9 453258  |a BIBGIM  |b BIBGIM  |d 2019-11-22  |i 4936027  |l 1  |o 658.022 ARA 2012  |p 4936027  |r 2025-01-15  |s 2023-06-23  |w 2019-11-22  |y BK  |k COM 
952 |0 0  |1 0  |4 0  |6 658_022000000000000_ARA_2012  |7 0  |8 A  |9 453259  |a BIBGIM  |b BIBGIM  |d 2019-11-22  |i 4936035  |o 658.022 ARA 2012  |p 4936035  |r 2025-01-15  |w 2019-11-22  |y BK  |k COM